Catálogo
 En Linea

La situación de los refugiados en el mundo 1995 : (Registro nro. 23932)

Detalles MARC
000 -CABECERA
campo de control de longitud fija 00823nam a2200217 a 4500
001 - NÚMERO DE CONTROL
campo de control 000024439
005 - FECHA Y HORA DE LA ÚLTIMA TRANSACCIÓN
campo de control 20200930023156.0
008 - DATOS DE LONGITUD FIJA--INFORMACIÓN GENERAL
campo de control de longitud fija 110127s1995 sp abc r 001 0 spa d
020 ## - NÚMERO INTERNACIONAL ESTÁNDAR DEL LIBRO
Número Internacional Estándar del Libro 8420694509
040 ## - FUENTE DE LA CATALOGACIÓN
Centro catalogador/agencia de origen DO-SdBNP
Lengua de catalogación spa
Centro/agencia transcriptor BNPHU
082 ## - NÚMERO DE LA CLASIFICACIÓN DECIMAL DEWEY
Número de clasificación xxxxxx
Número de documento/Ítem A469s
049 ## - FONDOS LOCALES (OCLC)
Fondos de biblioteca BNGR
110 1# - ENTRADA PRINCIPAL--NOMBRE DE ENTIDAD CORPORATIVA
Nombre de entidad corporativa o nombre de jurisdicción como elemento de entrada Alto Comisionado de las Naciones Unidas para los Refugiados (ACNUR)
9 (RLIN) 50104
245 13 - MENCIÓN DE TÍTULO
Título La situación de los refugiados en el mundo 1995 :
Resto del título en busca de soluciones /
Mención de responsabilidad, etc. traducción Carmen Torrente Martínez.
260 ## - PUBLICACIÓN, DISTRIBUCIÓN, ETC.
Lugar de publicación, distribución, etc. Madrid :
Nombre del editor, distribuidor, etc. Alianza,
Fecha de publicación, distribución, etc. 1995.
300 ## - DESCRIPCIÓN FÍSICA
Extensión 266 p. :
Otras características físicas il., mapas., retrs. ;
Dimensiones 25 cm.
500 ## - NOTA GENERAL
Nota general Incluye bibliografía p. [259-263].
500 ## - NOTA GENERAL
Nota general Incluye índice de países en orden alfabético.
700 1# - PUNTO DE ACCESO ADICIONAL--NOMBRE DE PERSONA
Nombre de persona Torrente Martínez, Carmen,
Término indicativo de función/relación tr.
9 (RLIN) 50105
710 1# - PUNTO DE ACCESO ADICIONAL--NOMBRE DE ENTIDAD CORPORATIVA
Nombre de entidad corporativa o nombre de jurisdicción como elemento de entrada Ministerio de Asuntos Sociales
9 (RLIN) 50106
Existencias
Estado de retiro Estado de pérdida Restricciones de uso No para préstamo Código de colección Localización permanente Ubicación/localización actual Ubicación en estantería Fecha de adquisición Número de inventario Total de préstamos Signatura topográfica completa Código de barras Fecha visto por última vez Precio válido a partir de Tipo de ítem Koha
        Monografías: Libros y Folletos General General En catalogación 27.01.2011 LF1   xxxxxx A469s 24439-10 25.06.2020 25.06.2020 Préstamo en sala

Con tecnología Koha